| 000 | 00402nam a2200181Ia 4500 | ||
|---|---|---|---|
| 008 | 210210b1935 xxu||||| |||| 00| 0 eng d | ||
| 041 | _aeng | ||
| 082 | _a825/299 | ||
| 100 | _aELIOT (T S) | ||
| 245 | _aOn poetry and poets | ||
| 260 |
_aLondon _bFaber & Faber _c1935 |
||
| 650 | _apoets | ||
| 650 | _apoetry | ||
| 650 | _aOn | ||
| 650 | _aand | ||
| 690 | _aEnglish Criticism | ||
| 906 | _a014616 | ||
| 999 |
_c133812 _d133812 |
||